000 00446nam a22001697a 4500
003 OSt
005 20211201160736.0
008 211201b |||||||| |||| 00| 0 eng d
020 _a0 582 64636 7
040 _cHawassa University
050 _a916/PRI
_b1
082 _a916/PRI
_b1
100 _aPritchard,John M.
_921375
245 _aAfrica A Study Geography for Advanced Students
260 _bLongMan Gruop Ltd
_c1969
942 _2ddc
_cBOOKS
_n0
999 _c21012
_d21012